000 01222nam a2200241Ia 4500
003 Ost
005 20260507074850.0
008 260507s9999||||xx |||||||||||||| ||und||
020 _a9961813111
040 _cfsecg
041 _aara
082 _a961.5
100 _eمؤلف
245 0 _aعجائب الأسفار ولطائف الأخبار لمحمد بن أحمد أبي راس الناصر /
260 _aوهران:
_bمنشورات كراسك,
_c2005
300 _a224 صفحة؛
_bإيضاحات ؛
_c24 سم
504 _aبيبليوغرافيا: ص.193
520 _aفائدة التاريخ، التهليل لفتح وهران، بلاد المغرب، جزر بحر الروم، قبائل بني عامر وغيرها، الاحتلال الاسباني، تحرير وهران يتم بالحرب، الامارة المغراوية بين المد والجزر، المرابطون ووهران، الموحدون ووهران، الزيانيون ووهران، المرينيون ووهران، الاحتلال الاسباني لوهران، الأتراك في الجزائر
653 _aالتاريخ
653 _aالجزائر
653 _aالرحلات
942 _cكتاب
999 _c41563
_d41563